Orient express
Uloženo v:
| Hlavní autor: | |
|---|---|
| Médium: | Kniha |
| Jazyk: | španělština |
| Vydáno: |
La Coruña
Ediciones del Viento S. L
2005
|
| Edice: | Viento Simún, 15
|
| Témata: | |
| Tagy: |
Přidat tag
Žádné tagy, Buďte první, kdo vytvoří štítek k tomuto záznamu!
|
MARC
| LEADER | 00000cam a2200000 a 4500 | ||
|---|---|---|---|
| 001 | UCF7806 | ||
| 003 | CL-VaPUC | ||
| 008 | 130704e20050000SP |||||||||||||||||spa|d | ||
| 020 | |a 849340604X | ||
| 082 | 0 | 4 | |a 813 |b DOS |2 21 |
| 100 | |a Dos Passos, John |e author |9 371936 | ||
| 245 | 1 | 0 | |a Orient express |
| 300 | |a 208 p | ||
| 942 | |c BK | ||
| 945 | |d 20130704 00:00:00 |a dcastane | ||
| 260 | |a La Coruña |b Ediciones del Viento S. L |c 2005 | ||
| 500 | |a Incluye tarjeta postal en blanco y negro | ||
| 650 | 7 | |a NARRATIVA ESTADOUNIDENSE |2 CL-VaPUC |9 569914 | |
| 650 | 0 | |a Literatura estadounidense |9 317168 | |
| 650 | 7 | |a MEMORIAS |2 CL-VaPUC |9 269159 | |
| 650 | 0 | |a Viajes y expediciones |9 408124 | |
| 583 | |a last modification |c 20130704 11:43:00 |k Rodrigo Vera | ||
| 490 | 0 | |a Viento Simún, 15 | |
| 999 | |c 352568 |d 352566 | ||
| 952 | |0 0 |1 0 |4 0 |6 813_000000000000000_DOS_2005 |7 0 |8 A |9 457131 |a BIBING |b BIBING |d 2019-11-22 |i 4983289 |o 813 DOS 2005 |p 4983289 |r 2025-01-20 |w 2019-11-22 |y BK |k CUI | ||